000 00432cam a22001337a 4500
008 180718b1980 xxu||||| |||| 00| 0 eng d
082 _aZ In8
100 _aInternational Farm Management Association
245 _aThe role of agriculture in society
_cby International Farm Management Association
260 _aSlough
_bCommonwealth Agricultural Bureaux
_c1980
300 _a256p.
650 _aFarm management
650 _aAgricultura
999 _c370489
_d370489